000 00695nam a2200217Ii 4500
001 2857
003 CO-ViMGA
008 241108s9999||||xx |||||||||||||| ||und||
020 _a8434812894
040 _aCO-ViMGA
_bspa
_erda
_cCO-ViMGA
041 0 _aunk
082 0 4 _a028.53 - M754a
100 1 _aMaría Montserrat Sarto
_950211
245 1 0 _aLa animación a la lectura:
_bPara hacer al niño lector
264 1 _a[Lugar de publicación no identificado] : S.M., [Fecha de publicación no identificada]
300 _avolumen
336 _atext
_btxt
_2rdacontent
337 _aunmediated
_bn
_2rdamedia
338 _avolume
_bnc
_2rdacarrier
940 _aidficha_siabuc: 2795. -- ficha_no_siabuc:2857
999 _c53988
_d53988